01258nam a2200361 i 450000100060000000300090000600500170001500800410003201500150007304000280008804100080011604600090012408000150013308000110014808000090015910000390016824501090020726000600031630000600037633600270043633700540046333800280051738000160054538800140056138800140057550400260058965000230061565000340063865800340067270000460070671000460075285600980079827255KOSZ 00520220916112456.0040519s1975 pl a |000 0 pol  aPB 1664/76 cWA NaWA NdKOSZ 005/HR0 apol k1975 a658.14/.17 a657.47 a(07)1 aJaruga, Alicjad(1928-2011)eAutor10aRachunek kosztów w systemie informacyjnym przedsiębiorstwa /cAlicja Jarugowa, Józef Skowroński. aWarszawa :bPaństwowe Wydawnictwo Ekonomiczne,c1975. a243, [1] s., [2] k. tabl. :bil., tab., wykr. ;c21 cm. 2rdacontentaTekstbtxt 2rdamediaaBez urządzenia pośredniczącegobn 2rdacarrieraWoluminbnc aKsiążki a1901-2000 a1945-1989 aBibliogr. s. 238-242. 4aRachunek kosztów 4aRachunkowość przemysłowa aGospodarka, ekonomia, finanse1 aSkowroński, Józefd(1924-1994)eAutor2 aPaństwowe Wydawnictwo Ekonomiczne4pbl. uhttp://koha.tu.koszalin.pl/cgi-bin/koha/opac-detail.pl?biblionumber=27255yKatalog online BPK